000 01080cam a22003617a 4500
003 CHAP
005 20220817042223.0
008 971013s1980 r 00010 d
010 _a37848
011 _a38820
035 _a42940
040 _cCHAP
090 _aFolleto 6480
110 _aFAO
245 0 _aIntroducción a la dinámica de poblaciones de peces
260 _aRoma :
_bFAO,
_c1980
300 _a82 p.
_b: ilus. ; gráfs.
410 _aFAO
490 0 _aDocumento técnico de pesca
_v; 192m
590 _aBATCH-UPD
_b10
_c20130110
_lUCH01
_h0316
590 _aBATCH-UPD
_b10
_c20130110
_lUCH01
_h1905
590 _aBATCH-UPD
_b10
_c20130409
_lUCH01
_h2349
590 _aBATCH-UPD
_b10
_c20130914
_lUCH01
_h1107
590 _aCONVERSION
_b10
_c20130109
_lUCH01
_h1321
650 1 4 _aPiscicultura.
_988531
650 1 4 _aPoblaciones animales.
_989358
700 0 _aCsirke B., Jorge.
_929684
810 0 _aFAO
830 0 0 _aDocumento técnico de pesca
_v; 192m
_933242
901 _aBK
942 _cFOLL
949 _aFolleto 6480
_bBC
_cFAO
_d-98649
_eFAO1
_i42940
_mD
_si
999 _c37848
_d37848